[Event "10th Mayors Cup Open 2017"]
[Site "masterchessopen.com Mumbai IND"]
[Date "2017.06.05"]
[Round "2.15"]
[White "Das,Say"]
[Black "Shubham,L"]
[Result "1-0"]
[WhiteElo "2396"]
[BlackElo "2001"]

1.Nf3 Nf6 2.c4 g6 3.g3 Bg7 4.Bg2 O-O 5.Nc3 d5 6.cxd5 Nxd5 7.O-O c5 8.d4 Nc6
9.Nxd5 Qxd5 10.Be3 Qd8 11.d5 Nb4 12.Bxc5 Nxd5 13.e4 Nb6 14.Qxd8 Rxd8 15.e5 Kf8
16.Rfe1 h6 17.Rac1 Be6 18.Nd4 Bd5 19.Nb5 Bxg2 20.Kxg2 Nd7 21.Ba3 Nxe5 22.Rc7
Kg8 23.Rxe7 Nd3 24.R1e2 a6 25.Nd6 b5 26.Nb7 b4 27.Nxd8 bxa3 28.Re8+ Bf8
29.bxa3 Rc8 30.R2e7 {#r} 1-0

[Event "10th KIIT Elite Open 2017"]
[Site "masterchessopen.com Bhubaneswar IND"]
[Date "2017.06.02"]
[Round "10.2"]
[White "Ghosh,D"]
[Black "Babujian,L"]
[Result "1-0"]
[WhiteElo "2569"]
[BlackElo "2438"]

1.d4 Nf6 2.c4 g6 3.Nf3 Bg7 4.g3 O-O 5.Bg2 d5 6.O-O dxc4 7.Na3 c3 8.bxc3 c5
9.Ne5 Nc6 10.Nac4 Nd5 11.Nxc6 bxc6 12.Bd2 Be6 13.Rc1 Qc8 14.Na5 c4 15.Nxc4 Qa6
16.Nb2 Qxa2 17.Nd3 Qc4 18.Nc5 Bg4 19.f3 Bc8 20.e4 Nb6 21.Re1 f6 22.Ra1 Rd8
23.Bf1 Qf7 24.Qc2 e5 25.Be3 Bf8 26.Qa2 Bxc5 27.Qxf7+ Kxf7 28.dxc5 Nd7 29.Ra2
Nf8 30.Rea1 Rd7 31.f4 exf4 32.Bxf4 Ne6 33.Bc4 Rb7 34.Bd6 Bd7 35.Rf1 Re8
36.Raf2 Kg7 37.Rxf6 Ng5 38.Bf8+ Rxf8 39.Rxf8 Bh3 40.Rg8+ Kh6 41.Rf4 Rb1+
42.Kf2 Rb2+ 43.Ke3 {#r} 1-0

[Event "11th BPB Limburg Open"]
[Site "masterchessopen.com Maastricht NED"]
[Date "2017.06.04"]
[Round "4.9"]
[White "Heinichen,N"]
[Black "Fier,A"]
[Result "0-1"]
[WhiteElo "2116"]
[BlackElo "2576"]

1.d4 Nf6 2.Nf3 g6 3.c4 Bg7 4.Nc3 d5 5.e3 O-O 6.Bd3 c5 7.O-O cxd4 8.exd4 Nc6
9.h3 dxc4 10.Bxc4 Na5 11.Be2 Be6 12.Bf4 Rc8 13.Rc1 Nd5 14.Nxd5 Qxd5 15.b3 Rxc1
16.Bxc1 Rd8 17.Bb2 Nc6 18.Bc4 Qd6 19.Bxe6 Qxe6 20.Qa1 Qd5 21.Rc1 e6 22.Rc4 Qd6
23.Qc1 Qb8 24.Qe3 Rd5 25.Qe4 Qd8 26.Bc3 Qd7 27.Ne5 Bxe5 28.dxe5 b5 29.Rxc6
Qxc6 30.Qb4 Qc5 {#R} 0-1

[Event "10th KIIT Elite Open 2017"]
[Site "masterchessopen.com Bhubaneswar IND"]
[Date "2017.06.02"]
[Round "10.11"]
[White "Iniyan,P"]
[Black "Sammed Jaykumar,Shete"]
[Result "1-0"]
[WhiteElo "2392"]
[BlackElo "2263"]

1.d4 Nf6 2.c4 g6 3.Nc3 d5 4.e3 Bg7 5.Nf3 O-O 6.Bd3 c5 7.O-O cxd4 8.exd4 Nc6
9.h3 b6 10.Bf4 Bb7 11.Re1 Rc8 12.cxd5 Nxd5 13.Nxd5 Qxd5 14.Be4 Qb5 15.d5 Na5
16.Rb1 Rfd8 17.b4 Nc4 18.Qb3 f5 19.Bd3 Bxd5 20.Rxe7 Qc6 21.Bxc4 Bxc4 22.Qe3
Re8 23.Rc1 b5 24.Rxg7+ Kxg7 25.Qxa7+ Kg8 26.Be5 Rxe5 27.Nxe5 Qd5 28.Nd7 Qd6
29.Nb6 Qd2 30.Qa3 Re8 31.Nxc4 bxc4 32.Rxc4 Qe1+ 33.Kh2 Qxf2 34.Qb3 Kg7 35.Qc3+
Kh6 36.Qd4 Qxd4 37.Rxd4 Re2 38.a4 Kg5 39.b5 Rb2 40.Rd5 Ra2 41.b6 Rxa4 42.Rb5
Ra8 43.b7 Rb8 44.Kg3 Kf6 45.Kf3 Ke6 46.Kf4 Kd6 47.Kg5 Kc6 48.Rb2 Rxb7 49.Rxb7
Kxb7 50.Kh6 Kc6 51.Kxh7 g5 52.Kg6 g4 53.hxg4 fxg4 54.Kg5 g3 55.Kg4 {#r} 1-0

[Event "10th Mayors Cup Open 2017"]
[Site "masterchessopen.com Mumbai IND"]
[Date "2017.06.05"]
[Round "2.13"]
[White "Murshed,N"]
[Black "Thipsay,B"]
[Result "1-0"]
[WhiteElo "2423"]
[BlackElo "2081"]

1.d4 d5 2.c4 e6 3.Nf3 Nf6 4.g3 Bb4+ 5.Bd2 Be7 6.Bg2 c6 7.Qc2 O-O 8.O-O b6 9.b3
Ba6 10.Rd1 Nbd7 11.Bg5 h6 12.Bxf6 Bxf6 13.e4 dxe4 14.Qxe4 Qc7 15.Nc3 Rad8
16.Qe3 c5 17.Ne4 Be7 18.Nc3 Bf6 19.d5 Bxc3 20.Qxc3 exd5 21.cxd5 Nf6 22.Ne5 Bb7
23.d6 Qb8 24.d7 Bxg2 25.Kxg2 Ne4 26.Qb2 Qb7 27.f3 Ng5 28.Qe2 f6 29.Ng6 Rf7
30.h4 Qxf3+ 31.Qxf3 Nxf3 32.Kxf3 Rfxd7 33.Rxd7 Rxd7 34.Re1 Kf7 {#r} 1-0

[Event "9th Lublin GM 2017"]
[Site "masterchessopen.com Lublin POL"]
[Date "2017.06.05"]
[Round "3.5"]
[White "Romanishin,O"]
[Black "Dziuba,M"]
[Result "0-1"]
[WhiteElo "2448"]
[BlackElo "2550"]

1.d4 d5 2.Nf3 Nf6 3.c4 e6 4.g3 Bb4+ 5.Bd2 Bd6 6.Bg2 c6 7.O-O Nbd7 8.Qc2 O-O
9.Bg5 h6 10.Bxf6 Nxf6 11.Nbd2 b6 12.e4 Be7 13.Ne5 Bb7 14.Rfd1 Rc8 15.Nd3 dxc4
16.Nxc4 b5 17.Nc5 bxc4 18.Nxb7 Qb6 19.Nc5 Bxc5 20.dxc5 Qxc5 21.Qe2 Rfd8
22.Rac1 Rxd1+ 23.Qxd1 Qa5 24.Rxc4 Qxa2 25.b3 Qa5 26.h3 Qb6 27.Qc2 Nd7 28.Qc3
c5 29.Ra4 Rb8 30.Ra3 Qc7 31.f4 Rb4 32.e5 Qb6 33.Kh2 Nb8 34.Qf3 g6 35.h4 h5
36.Bf1 Rd4 37.Ra2 Kg7 38.Bc4 a5 39.Re2 Nc6 40.f5 gxf5 41.Qxh5 Rg4 42.Bxe6 fxe6
43.Qe8 Qxb3 44.Qd7+ Kh6 {#R} 0-1

[Event "9th Lublin GM 2017"]
[Site "masterchessopen.com Lublin POL"]
[Date "2017.06.04"]
[Round "1.4"]
[White "Molenda,Marcin"]
[Black "Dziuba,M"]
[Result "0-1"]
[WhiteElo "2421"]
[BlackElo "2550"]

1.d4 d5 2.c4 e6 3.Nf3 Nf6 4.g3 Bb4+ 5.Bd2 Bd6 6.Bg2 c6 7.Qc2 Nbd7 8.O-O O-O
9.Bg5 h6 10.Bxf6 Nxf6 11.Nbd2 b6 12.e4 Be7 13.cxd5 cxd5 14.e5 Nd7 15.Rfc1 Nb8
16.Bf1 Bd7 17.a3 a5 18.Bd3 Nc6 19.Qd1 a4 20.Qe2 Na5 21.Rc3 Qe8 22.h4 b5 23.Bc2
Nc4 24.Qd3 g6 25.Rb1 h5 26.Nxc4 dxc4 27.Qe3 Kg7 28.Ng5 Bc6 29.Qf4 Rd8 30.Rd1
Rd7 31.f3 Bd8 32.Be4 Bd5 33.Kg2 f6 34.exf6+ Bxf6 35.Bxd5 Bxg5 36.Qe5+ Bf6
37.Qxe6 Rxd5 38.Qxd5 Qe2+ {#R} 0-1

[Event "10th KIIT Elite Open 2017"]
[Site "masterchessopen.com Bhubaneswar IND"]
[Date "2017.05.30"]
[Round "7.5"]
[White "Navalgund,N"]
[Black "Reefat,S"]
[Result "1-0"]
[WhiteElo "2351"]
[BlackElo "2437"]

1.d4 e6 2.c4 d5 3.Nf3 Nf6 4.g3 Bb4+ 5.Bd2 Bd6 6.Bg2 O-O 7.O-O c6 8.Qc2 Nbd7
9.Bg5 h6 10.Bxf6 Qxf6 11.Nc3 Qd8 12.e4 dxc4 13.e5 Be7 14.Nd2 Nb6 15.Ne2 a5
16.Nxc4 Nd5 17.Nc3 Nb4 18.Qd2 b5 19.Ne3 Qb6 20.a3 Nd5 21.Ncxd5 cxd5 22.f4 f5
23.exf6 Bxf6 24.Rad1 Bb7 25.Ng4 b4 26.Nxf6+ Rxf6 27.axb4 axb4 28.Ra1 Rc8
29.Rfc1 Rff8 30.Qe3 Rfe8 31.Rc5 Rxc5 32.dxc5 Qb5 33.h4 Kh8 34.Bf1 Qc6 35.Qd4
Rc8 36.Rc1 Rb8 37.Ra1 Rc8 38.Ra7 b3 39.Qb4 Rb8 40.Ba6 {#r} 1-0

[Event "11th BPB Limburg Open"]
[Site "masterchessopen.com Maastricht NED"]
[Date "2017.06.05"]
[Round "6.8"]
[White "Berend,F"]
[Black "Janssen,Ru"]
[Result "1-0"]
[WhiteElo "2346"]
[BlackElo "2521"]

1.d4 Nf6 2.c4 e6 3.g3 d5 4.Bg2 dxc4 5.Nf3 a6 6.O-O Nc6 7.e3 Bd7 8.Qe2 b5 9.a4
Rb8 10.axb5 axb5 11.b3 cxb3 12.Nbd2 Bd6 13.Bb2 O-O 14.e4 Bb4 15.Nxb3 Qe7
16.Rfc1 Ra8 17.Rab1 Na5 18.Nxa5 Bxa5 19.Ne5 Bb6 20.Rd1 Ra2 21.g4 Rd8 22.g5 Ne8
23.Qh5 b4 24.Rd3 g6 25.Qh6 f6 26.Ng4 Bb5 27.Rh3 fxg5 28.d5 Rxb2 29.Rxb2 exd5
30.e5 d4 31.Be4 Qg7 32.Qxg5 c5 33.Rf3 Bc4 34.Bc6 Be6 35.Bxe8 Bxg4 36.Bf7+ Kh8
37.Qxg4 Qxe5 38.Qf4 Qxf4 39.Rxf4 Rf8 40.Rf3 d3 41.Kg2 Rd8 42.Rd2 Kg7 43.Bb3
Kh6 44.Rfxd3 {#r} 1-0

[Event "11th BPB Limburg Open"]
[Site "masterchessopen.com Maastricht NED"]
[Date "2017.06.02"]
[Round "1.9"]
[White "Leenhouts,K"]
[Black "Overeem,M"]
[Result "1-0"]
[WhiteElo "2475"]
[BlackElo "2212"]

1.d4 d5 2.c4 e6 3.Nf3 Nf6 4.g3 dxc4 5.Bg2 Bd7 6.Ne5 Bc6 7.Nxc6 Nxc6 8.O-O Qd7
9.e3 Rd8 10.Qe2 e5 11.Nc3 Be7 12.Qxc4 exd4 13.exd4 Nxd4 14.Bg5 O-O 15.Rad1 b5
16.Qd3 Qg4 17.Bxf6 Bxf6 18.Nd5 c6 19.Nxf6+ gxf6 20.h3 Qh5 21.Qe3 c5 22.Qe7 Nc6
23.Qe1 Rxd1 24.Qxd1 Qxd1 25.Rxd1 Ne5 26.Rd6 Kg7 27.Bf1 c4 28.f4 Nd3 29.Bxd3
cxd3 30.Rxd3 Rc8 31.Rd2 h5 32.Kf2 Kg6 33.Ke3 Rc1 34.Ke4 Rh1 35.h4 Rg1 36.Rd3
Rg2 37.Rb3 a6 38.f5+ Kg7 39.Kd5 Rc2 40.Kd6 Kf8 41.a3 Ke8 42.Rb4 Kd8 43.g4 hxg4
44.Rxg4 Rd2+ 45.Kc6 Rxb2 46.Kb6 Ra2 47.Rg3 Rh2 48.Kxa6 Rxh4 49.Kxb5 Rf4
50.Rd3+ Kc7 51.Rd5 Rf1 52.a4 Rb1+ 53.Ka5 Kc6 54.Rb5 Ra1 55.Rb6+ Kd7 56.Rxf6
{#r} 1-0

[Event "10th Mayors Cup Open 2017"]
[Site "masterchessopen.com Mumbai IND"]
[Date "2017.06.04"]
[Round "1.13"]
[White "Neelotpal,D"]
[Black "Vatsal,Singhania"]
[Result "1-0"]
[WhiteElo "2438"]
[BlackElo "2132"]

1.Nf3 d5 2.g3 Nf6 3.Bg2 e6 4.c4 Be7 5.d4 dxc4 6.Qa4+ Bd7 7.Qxc4 Bc6 8.Nc3 O-O
9.O-O a6 10.Bg5 Nbd7 11.Rfe1 Nd5 12.Bxe7 Nxe7 13.e4 b5 14.Qb3 Nb6 15.Rad1 Bb7
16.Qc2 Qc8 17.Nb1 Rd8 18.Nbd2 Na4 19.Nb3 Nc6 20.a3 Rd7 21.d5 Nd8 22.Bh3 c5
23.Ne5 Rd6 24.Na5 Qc7 25.Nac4 {#r} 1-0

[Event "11th BPB Limburg Open"]
[Site "masterchessopen.com Maastricht NED"]
[Date "2017.06.03"]
[Round "3.12"]
[White "Warmerdam,Max"]
[Black "Elgersma,Simon"]
[Result "1-0"]
[WhiteElo "2356"]
[BlackElo "2142"]

1.d4 Nf6 2.c4 e6 3.g3 Be7 4.Bg2 d5 5.Nf3 O-O 6.O-O dxc4 7.Qc2 b6 8.Ne5 Nd5
9.Nxc4 Bb7 10.a3 Qc8 11.e4 Nf6 12.Rd1 Rd8 13.Nc3 Nbd7 14.Bf4 a6 15.Rac1 Nf8
16.Qe2 Ng6 17.Be3 Qd7 18.h4 a5 19.h5 Nf8 20.Ne5 Qc8 21.Nb5 c5 22.dxc5 Rxd1+
23.Qxd1 bxc5 24.Nd6 Bxd6 25.Qxd6 N8d7 26.Nxd7 Nxd7 27.h6 Ra6 28.Qe7 Ne5
29.Rxc5 Nc6 30.Qg5 Qf8 31.hxg7 Qxg7 32.Qh5 Kh8 33.Rg5 Qf8 34.Bc5 Ne7 35.Bd4+
e5 36.Rxe5 f6 37.Rb5 Bc6 38.Rxa5 Be8 39.Rxa6 Bxh5 40.Rxf6 Qg8 41.Rf8# 1-0

[Event "ch-POR Rapid 2017"]
[Site "masterchessopen.com Mirandela POR"]
[Date "2017.06.03"]
[Round "6.2"]
[White "Silva,Luis"]
[Black "Pipiras,Filipa Fortuna"]
[Result "1-0"]
[WhiteElo "2317"]
[BlackElo "1641"]

1.d4 d5 2.c4 e6 3.Nf3 Nf6 4.g3 Be7 5.Bg2 O-O 6.O-O dxc4 7.Qc2 a6 8.a4 Nc6
9.Qxc4 Qd5 10.Qd3 Nb4 11.Qd1 Qd8 12.Nc3 c5 13.dxc5 Bxc5 14.Bf4 Nbd5 15.Nxd5
Nxd5 16.Bd2 Nf6 17.Qc2 Bd6 18.Rfd1 Qc7 19.Qxc7 Bxc7 20.Rac1 Bb6 21.a5 Bd8
22.Bb4 Re8 23.Ne5 Be7 24.Bxe7 Rxe7 25.Rd8+ Re8 26.Rd6 Kf8 27.Rc7 Re7 28.Rd8+
Ne8 29.Rcxc8 Rxc8 30.Rxc8 f6 31.Nd3 Rd7 32.Rb8 Rc7 33.Bxb7 Ke7 34.Bxa6 Rc2
35.Kf1 Rc6 36.Bb5 Rc7 37.Rxe8+ Kf7 38.Rd8 Ra7 39.Rd7+ Rxd7 40.Bxd7 Ke7 41.a6
Kxd7 42.a7 Kc7 43.a8=Q Kb6 44.Qg8 e5 45.Qxg7 e4 46.Qxf6+ Kb5 47.Qe5+ Ka4
48.Qxe4+ Kb3 49.Qb4+ Kc2 50.Qc3+ Kb1 51.b4 Ka2 52.Qb2# 1-0

[Event "11th BPB Limburg Open"]
[Site "masterchessopen.com Maastricht NED"]
[Date "2017.06.02"]
[Round "1.12"]
[White "Dardha,Daniel"]
[Black "Lai,Hing Ting"]
[Result "0-1"]
[WhiteElo "2200"]
[BlackElo "2393"]

1.d4 Nf6 2.c4 e6 3.Nf3 b6 4.g3 Ba6 5.b3 Bb4+ 6.Bd2 Be7 7.Bg2 c6 8.O-O d5 9.Qc2
Nbd7 10.Bf4 O-O 11.Rd1 Rc8 12.Nc3 Nh5 13.Bc1 f5 14.a4 g5 15.Ba3 g4 16.Bxe7
Qxe7 17.Ne1 f4 18.Nd3 dxc4 19.Nxf4 Nxf4 20.gxf4 Rxf4 21.e3 Rf5 22.bxc4 Qh4
23.Qe4 Bxc4 24.d5 Ne5 25.dxe6 Rcf8 26.f4 Rh5 27.e7 Nf3+ 28.Qxf3 gxf3 {#R} 0-1

[Event "10th KIIT Elite Open 2017"]
[Site "masterchessopen.com Bhubaneswar IND"]
[Date "2017.05.30"]
[Round "7.7"]
[White "Singh,SV"]
[Black "Saravana,Kr"]
[Result "1-0"]
[WhiteElo "2213"]
[BlackElo "2345"]

1.d4 Nf6 2.Nf3 e6 3.c4 b6 4.g3 Ba6 5.Qc2 Bb4+ 6.Bd2 Be7 7.Bg2 c6 8.Bg5 h6
9.Bxf6 Bxf6 10.O-O O-O 11.Nbd2 d5 12.Rac1 Nd7 13.Rfd1 Rc8 14.e4 Be7 15.cxd5
cxd5 16.Qa4 Nb8 17.exd5 Qxd5 18.Ne5 Qd6 19.Nc6 Be2 20.Nxe7+ Qxe7 21.Rxc8 Rxc8
22.Re1 Ba6 23.d5 Qd8 24.Nf1 exd5 25.Ne3 Qe8 26.Qd1 Qd7 27.Bxd5 Re8 28.Qf3 Bd3
29.Rd1 Bg6 30.h4 h5 31.Ng2 Bc2 32.Rd4 Bg6 33.Nf4 Nc6 34.Nxg6 Re1+ 35.Kh2 Nxd4
36.Qxh5 Nf3+ 37.Qxf3 {#r} 1-0

[Event "11th BPB Limburg Open"]
[Site "masterchessopen.com Maastricht NED"]
[Date "2017.06.05"]
[Round "7.6"]
[White "Fier,A"]
[Black "Beerdsen,Thomas"]
[Result "1-0"]
[WhiteElo "2576"]
[BlackElo "2455"]

1.d4 Nf6 2.c4 e6 3.Nf3 b6 4.g3 Bb7 5.Bg2 Be7 6.O-O O-O 7.Nc3 Ne4 8.Bd2 c5 9.d5
Nxc3 10.Bxc3 exd5 11.cxd5 d6 12.e4 Nd7 13.Nd2 b5 14.b3 Bf6 15.Rc1 a5 16.f4 a4
17.Re1 Re8 18.Nf3 Bxc3 19.Rxc3 axb3 20.axb3 Nf6 21.Qb1 Qa5 22.Rce3 Qa2 23.Qd3
c4 24.bxc4 Qxc4 25.Qxc4 bxc4 26.Nd4 Ra6 27.Bf3 Rb6 28.Kf2 g6 29.R1e2 h5 30.Rc2
Rb4 31.Nc6 Bxc6 32.dxc6 Ng4+ 33.Bxg4 hxg4 34.Rec3 Rxe4 35.c7 Re8 36.Rxc4 Rxc4
37.Rxc4 Rc8 38.Ke3 Kf8 39.f5 gxf5 40.Kf4 Ke7 41.Kxf5 Kd7 42.Kf6 Rxc7 43.Rxg4
d5 44.h4 Rc4 45.Rg5 d4 46.Rd5+ Kc6 47.Rd8 Kc7 48.Ke7 f5 49.h5 Rc1 50.Rd7+ Kc6
51.Rxd4 Rh1 52.Rh4 Kd5 {#r} 1-0

[Event "10th Mayors Cup Open 2017"]
[Site "masterchessopen.com Mumbai IND"]
[Date "2017.06.05"]
[Round "3.6"]
[White "Khusenkhojaev,Muhammad"]
[Black "Polakhare,Aryan"]
[Result "1-0"]
[WhiteElo "2433"]
[BlackElo "1791"]

1.Nf3 Nf6 2.c4 e6 3.Nc3 b6 4.g3 d5 5.cxd5 exd5 6.d4 Be7 7.Bg2 O-O 8.O-O Bb7
9.Bf4 Nbd7 10.Rc1 Nh5 11.Be3 c6 12.a3 f5 13.b4 f4 14.Bd2 Bd6 15.e4 fxe3
16.Bxe3 Nhf6 17.Qb3 b5 18.a4 bxa4 19.Nxa4 Ba6 20.Rfe1 Rb8 21.Nc5 Bxc5 22.dxc5
Re8 23.Nd4 Bb5 24.Bf4 Rb7 25.Rxe8+ Qxe8 26.Nxb5 Rxb5 27.Bf1 Rb7 28.Ba6 Nxc5
29.Rxc5 Qe1+ 30.Kg2 Rb6 31.Bd3 Rxb4 32.Qc3 Qxc3 33.Rxc3 a5 34.Rxc6 a4 35.Ra6
Rb2 36.Bf5 Ne4 37.Bxe4 dxe4 38.Rxa4 Re2 39.Kf1 Rb2 40.Rxe4 Rb7 41.Rc4 h6 42.h4
Kh7 43.Rc7 Rb6 44.Be5 Rg6 45.Kg2 h5 46.f4 Kh6 47.f5 Rg4 48.Bf4+ Kh7 49.Kf3 Kg8
50.Ke4 Kh8 51.f6 gxf6 52.Kf5 Rg7 53.Rxg7 Kxg7 54.Bc1 {#r} 1-0

[Event "10th Mayors Cup Open 2017"]
[Site "masterchessopen.com Mumbai IND"]
[Date "2017.06.05"]
[Round "3.10"]
[White "Iniyan,P"]
[Black "Aakash Sharadchandra,Dalvi"]
[Result "1-0"]
[WhiteElo "2392"]
[BlackElo "1919"]

1.d4 Nf6 2.c4 e6 3.Nc3 Bb4 4.Nf3 O-O 5.Bg5 h6 6.Bh4 d6 7.e3 Qe7 8.Be2 e5 9.O-O
Bxc3 10.bxc3 Nc6 11.Nd2 Bd7 12.f4 exf4 13.exf4 Qe3+ 14.Kh1 Rfe8 15.Bf3 Nh7
16.Qc2 g6 17.Be4 Rxe4 18.Nxe4 Bf5 19.Rae1 Bxe4 20.Qxe4 Qxc3 21.d5 Na5 22.Rc1
Qg7 23.Be1 b6 24.Bc3 Qf8 25.Qd4 f6 26.Bxa5 bxa5 27.Rfe1 {#r} 1-0

[Event "6th CHN w Masters 2017"]
[Site "masterchessopen.com Wuxi CHN"]
[Date "2017.06.03"]
[Round "8.5"]
[White "Yuan,Ye"]
[Black "Lei Tingjie"]
[Result "0-1"]
[WhiteElo "2317"]
[BlackElo "2482"]

1.d4 Nf6 2.c4 e6 3.Nc3 Bb4 4.Qc2 O-O 5.a3 Bxc3+ 6.Qxc3 d6 7.g3 e5 8.dxe5 dxe5
9.Bg2 Re8 10.Nf3 Nc6 11.Be3 a5 12.O-O Qe7 13.Rfd1 h6 14.h3 Bf5 15.Nd2 a4
16.Nf1 Ne4 17.Qe1 Na5 18.g4 Bg6 19.Bxe4 Bxe4 20.Ng3 Bc2 21.Rdc1 Bb3 22.Nf5 Qe6
23.c5 Nc4 24.Qc3 Rad8 25.Re1 Qd5 26.Rac1 Kh7 27.f3 g6 28.Ng3 f5 29.gxf5 gxf5
30.Bf2 Rg8 31.Kh2 Qd2 32.Qxd2 Rxd2 33.Nxf5 Rxb2 34.Ra1 Nd2 35.Nh4 Bd5 36.Rad1
c6 37.Bg3 Re8 38.Ng2 e4 39.fxe4 Rxe4 40.Kg1 Bb3 41.Ra1 Bc2 42.Nf4 Re7 43.Kh1
Rg7 44.Nh5 Rg5 45.Nf6+ Kg6 46.Bf4 Kxf6 47.Bxg5+ hxg5 48.Kg2 Nb3 49.Rf1+ Ke5
50.Rae1 Nxc5 51.Kg3 Bf5 52.Rf3 Ne4+ 53.Kg2 g4 {#R} 0-1

[Event "10th Mayors Cup Open 2017"]
[Site "masterchessopen.com Mumbai IND"]
[Date "2017.06.05"]
[Round "3.12"]
[White "Yash,Dhoke"]
[Black "Saravana,Kr"]
[Result "0-1"]
[WhiteElo "1842"]
[BlackElo "2345"]

1.d4 Nf6 2.c4 Nc6 3.Nf3 e6 4.Nc3 Bb4 5.Qc2 d6 6.Bd2 O-O 7.a3 Bxc3 8.Bxc3 Qe7
9.e4 e5 10.d5 Nb8 11.b4 Nh5 12.Be2 Nf4 13.O-O f5 14.h3 Qf7 15.Kh2 h6 16.Ng1
fxe4 17.Qxe4 b5 18.g3 Bf5 19.Qe3 Nxe2 20.Qxe2 bxc4 21.Qxc4 Nd7 22.Rad1 Nb6
23.Qb5 a6 24.Qe2 Nxd5 25.Bb2 Bd7 26.Qd2 Bb5 27.Ne2 c6 28.Ra1 Qf3 29.Ng1 Qh5
30.Rfe1 Qg5 31.Qc2 Bd3 32.Qxd3 Rxf2+ 33.Kh1 Rxb2 34.h4 Qd2 {#R} 0-1

[Event "11th BPB Limburg Open"]
[Site "masterchessopen.com Maastricht NED"]
[Date "2017.06.03"]
[Round "3.2"]
[White "Leenhouts,K"]
[Black "Van Dooren,D"]
[Result "1-0"]
[WhiteElo "2475"]
[BlackElo "2355"]

1.d4 Nf6 2.c4 e6 3.Nc3 Bb4 4.Qc2 O-O 5.Nf3 d6 6.Bd2 Nc6 7.a3 Bxc3 8.Bxc3 Re8
9.e3 a5 10.Bd3 e5 11.dxe5 dxe5 12.O-O Qe7 13.Bf5 Qc5 14.Bxc8 Raxc8 15.Qb3 Ne4
16.Qb5 b6 17.Rfd1 f6 18.Be1 Red8 19.Qb3 Rxd1 20.Rxd1 Nd6 21.Qc3 Ne7 22.Nd2 a4
23.Qc2 b5 24.Rc1 c6 25.Ne4 Nxe4 26.Qxe4 Nd5 27.Qg4 Re8 28.Qd7 Re7 29.Qd8+ Kf7
30.e4 Nf4 31.Bb4 Qa7 32.Bxe7 Ne2+ 33.Kf1 Nxc1 34.Qf8+ Kg6 35.Qe8+ Kh6 36.g4 g6
37.Qf8+ Kg5 38.Qxf6+ Kxg4 39.h3+ {#r} 1-0

[Event "11th BPB Limburg Open"]
[Site "masterchessopen.com Maastricht NED"]
[Date "2017.06.05"]
[Round "7.5"]
[White "Mesman,Edwyn"]
[Black "Van Dooren,D"]
[Result "1-0"]
[WhiteElo "2034"]
[BlackElo "2355"]

1.d4 Nf6 2.c4 e6 3.Nc3 Bb4 4.e3 c5 5.Ne2 Ne4 6.Bd2 Nxd2 7.Qxd2 cxd4 8.exd4 O-O
9.a3 Be7 10.g3 d6 11.Bg2 Qc7 12.Rc1 a6 13.O-O Bd7 14.b4 Nc6 15.Rfd1 Rac8 16.d5
Ne5 17.c5 Rfd8 18.cxd6 Qxd6 19.dxe6 Qxe6 20.Nd4 Qg6 21.Bxb7 Bg5 22.f4 Qb6
23.Bg2 Rxc3 24.Qxc3 Ba4 25.fxg5 Bxd1 26.Rxd1 g6 27.Qc5 Qb8 28.Rd2 Nd7 29.Nc6
Nxc5 30.Rxd8+ Qxd8 31.Nxd8 Na4 32.Bb7 {#r} 1-0

[Event "11th BPB Limburg Open"]
[Site "masterchessopen.com Maastricht NED"]
[Date "2017.06.05"]
[Round "7.7"]
[White "De Rooy,R"]
[Black "Lai,Hing Ting"]
[Result "0-1"]
[WhiteElo "2176"]
[BlackElo "2393"]

1.d4 Nf6 2.c4 e6 3.Nc3 Bb4 4.e3 b6 5.Ne2 c5 6.a3 Ba5 7.Rb1 Qe7 8.Bd2 O-O 9.Ng3
cxd4 10.exd4 Bxc3 11.Bxc3 Nc6 12.b4 d5 13.Be2 dxc4 14.Bxc4 Rd8 15.O-O Qd6
16.Nh5 Nxh5 17.Qxh5 Ne7 18.d5 exd5 19.Rbd1 Qg6 20.Qh4 Bg4 21.Bd3 Bf5 22.Be2
Be4 23.Qh3 Rac8 24.Ba1 Qg5 25.Bf3 Ng6 26.Qg3 h6 27.Qxg5 hxg5 28.Bxe4 dxe4
29.Bd4 Nf4 30.Be3 Ne6 31.Rxd8+ Rxd8 32.Re1 Rd3 33.Bc1 g4 34.Kf1 f5 35.Bb2 Kf7
36.Re3 Rd5 37.g3 Ke7 38.Rc3 Kd7 39.Rc2 Rd1+ 40.Ke2 Rh1 41.Rd2+ Ke7 42.Rc2 Rxh2
43.Rc8 f4 44.Be5 g5 45.Ra8 e3 46.Rxa7+ Ke8 47.Ra8+ Kf7 48.Ra7+ Kg6 49.Rb7 Kf5
50.Bb8 {#R} 0-1

[Event "10th Mayors Cup Open 2017"]
[Site "masterchessopen.com Mumbai IND"]
[Date "2017.06.05"]
[Round "2.32"]
[White "Tarini,Goyal"]
[Black "Laxman,R"]
[Result "0-1"]
[WhiteElo "2084"]
[BlackElo "2417"]

1.d4 Nf6 2.c4 e6 3.Nc3 Bb4 4.e3 O-O 5.Bd3 d5 6.cxd5 exd5 7.Ne2 Bd6 8.Bd2 Re8
9.Rc1 c6 10.Qc2 Nbd7 11.O-O a6 12.f3 c5 13.Kh1 b5 14.a3 cxd4 15.exd4 Nb6
16.Bg5 h6 17.Bh4 Bb7 18.g4 Nc4 19.Rg1 g5 20.Bg3 Re3 21.Rcf1 Nxb2 22.Qxb2 Rxd3
23.Qc2 Re3 24.Qd2 Re6 25.h4 Ne8 26.f4 gxh4 27.Bh2 Rg6 28.g5 hxg5 29.fxg5 Rc8
30.Nf4 Bxf4 31.Qxf4 Qd7 32.Nd1 Nd6 33.Ne3 Qe6 34.Ng4 Kf8 35.Ne5 Rg7 36.Qxh4
Ne4 37.g6 f6 38.Qh8+ Qg8 39.Qh6 Ke7 40.Nf7 Rc2 41.Re1 Rc6 42.Nd6 Rxd6 43.Bxd6+
Kxd6 44.Qf4+ Ke6 45.Qg4+ Kd6 46.Qf4+ Kc6 47.Rc1+ Kb6 48.Qh2 Rxg6 49.Rxg6 Qxg6
50.Qc7+ Ka7 51.Rc2 Qh5+ 52.Kg2 Qg4+ 53.Kh2 f5 54.a4 Qh5+ 55.Kg2 Qg6+ 56.Kh1
bxa4 57.Qe5 f4 58.Rb2 f3 59.Qc7 Qh6+ 60.Rh2 Qe3 61.Rb2 Qe1+ 62.Kh2 Qh4+ 63.Kg1
f2+ {#R} 0-1

[Event "11th BPB Limburg Open"]
[Site "masterchessopen.com Maastricht NED"]
[Date "2017.06.03"]
[Round "2.9"]
[White "Lai,Hing Ting"]
[Black "Leenhouts,K"]
[Result "0-1"]
[WhiteElo "2393"]
[BlackElo "2475"]

1.d4 Nf6 2.c4 g6 3.Nf3 Bg7 4.g3 c6 5.Bg2 d5 6.Nbd2 O-O 7.b3 a5 8.Bb2 a4 9.O-O
Bf5 10.Nh4 Be6 11.e4 dxe4 12.Nxe4 Nxe4 13.Bxe4 c5 14.Bxb7 Ra7 15.Bg2 a3 16.Bc1
cxd4 17.Re1 Nd7 18.Bf4 Qa5 19.Nf3 d3 20.Rb1 Qc3 21.Ng5 Bf5 22.Be4 Nc5 23.Bxf5
gxf5 24.Be3 Rc7 25.Bxc5 Rxc5 26.Re3 Qf6 27.Nf3 e5 28.b4 Rxc4 29.Rxd3 e4 30.Rd6
Qb2 31.Rxb2 axb2 32.Nd2 Rc1 33.Nb1 Rfc8 34.Kf1 Bf8 {#R} 0-1

[Event "10th Mayors Cup Open 2017"]
[Site "masterchessopen.com Mumbai IND"]
[Date "2017.06.05"]
[Round "2.17"]
[White "Raja,Rithvik R"]
[Black "Rathnakaran,K"]
[Result "0-1"]
[WhiteElo "2155"]
[BlackElo "2378"]

1.Nf3 Nf6 2.c4 g6 3.g3 Bg7 4.Bg2 O-O 5.d4 d6 6.Nc3 Nc6 7.O-O a6 8.Qd3 Nd7
9.Be3 Rb8 10.Qd2 b5 11.cxb5 axb5 12.Bh6 b4 13.Bxg7 Kxg7 14.Nd5 e6 15.Ne3 Nf6
16.Rfc1 Ne7 17.Qc2 Ba6 18.Qxc7 Bxe2 19.Nd2 Nf5 20.Nxf5+ gxf5 21.Nb3 Bb5 22.Na5
Qxc7 23.Rxc7 d5 24.Nb3 Rfc8 25.Rxc8 Rxc8 26.a4 bxa3 27.bxa3 Rc3 28.Nc5 Ne4
29.Bxe4 fxe4 30.a4 Bc6 31.Rb1 e5 32.Rb6 exd4 33.Nb3 d3 34.a5 d4 35.a6 e3 {#R}
0-1

[Event "10th KIIT Elite Open 2017"]
[Site "masterchessopen.com Bhubaneswar IND"]
[Date "2017.06.02"]
[Round "10.10"]
[White "Mitrabha,G"]
[Black "Raghunandan,K"]
[Result "0-1"]
[WhiteElo "2299"]
[BlackElo "2410"]

1.d4 Nf6 2.Nf3 g6 3.g3 Bg7 4.Bg2 O-O 5.O-O d6 6.c4 Nc6 7.Nc3 a6 8.Bf4 Rb8
9.Rc1 h6 10.h3 g5 11.Be3 g4 12.hxg4 Nxg4 13.Qd2 Nxe3 14.Qxe3 e5 15.dxe5 Re8
16.Nd5 Nxe5 17.Nxe5 Rxe5 18.Qd2 Bf5 19.Rce1 c6 20.Ne3 Bh7 21.Rd1 h5 22.Qxd6
Qxd6 23.Rxd6 Ra5 24.b3 Rxa2 25.Bf3 Bg6 26.Ng2 Be5 27.Rd7 Bf5 28.Re7 Bf6 29.Re3
Bd4 30.Re7 Kf8 31.Nh4 Bh3 32.Re4 Bxf1 33.Kxf1 Bf6 34.Nf5 Re8 35.Rf4 Bg5 36.Rd4
Rd2 37.Rxd2 Bxd2 38.Nd6 Re7 39.Bxh5 Bb4 40.Nf5 Rd7 41.e3 Rd3 42.Nd4 Bc5 43.Be2
Rc3 44.Bd1 Bxd4 45.exd4 Rd3 46.Bc2 Rd2 47.Bf5 Rb2 48.Ke1 Rxb3 49.Kd2 Rf3
50.Bc8 Rxf2+ 51.Kc3 Rf3+ 52.Kb4 Rxg3 53.Bxb7 f5 54.Bxc6 f4 55.c5 f3 56.Bb7 a5+
57.Ka4 f2 58.Ba6 Rg1 59.d5 Ra1+ 60.Kb3 f1=Q {#R} 0-1